00493nam a2200193Ia 4500008004100000020001600041050000700057050001000064245005100074245003300125260001600158260003700174300001500211300001700226300001100243440001100254650002300265650001100288170203s9999 xx 000 0 und d a0-706992456 a30 b.H847 aHow? What? Why? My book of general knowledge / cillustrated by Girija Singh. aNew Delhi : bVikas Publishing House Pvt Ltd,  a56 pages : bcol. ill. ;  c24 cm. vvol. 5 aIntellegence test. xTrivia